| 000 | 00435nam a2200157 i 4500 | ||
|---|---|---|---|
| 001 | 149859 | ||
| 003 | ES-MaACL | ||
| 005 | 20230906203304.0 | ||
| 007 | t| | ||
| 008 | 071024s19101919sp ||||1| cat d | ||
| 100 | 1 |
_aVall Sabatés, N. _9112716 |
|
| 245 | 1 | 3 |
_aEl "Per a" segons la lláogica i la gramáatica / _cper N. Vall Sabatés. |
| 260 |
_a[S.l. : _bs.n., _c191-?] |
||
| 300 |
_a14 p. ; _c22 cm. |
||
| 852 |
_aES-MaACL _j1779-F-4 |
||
| 999 |
_c149859 _d149859 |
||